Statistics for countries with green in their flag

Click here to take the quiz!

General Stats

  • This quiz has been taken 14 times
  • The average score is 55 of 78

Answer Stats

Answer% Correct
Brazil
92%
Jordan
92%
Mexico
92%
niger
92%
pakistan
92%
saudi arabia
92%
sudan
92%
UAE
92%
benin
83%
Cameroon
83%
congo
83%
ethiopia
83%
guinea
83%
guinea Bissau
83%
italy
83%
Kuwait
83%
Libya
83%
mali
83%
nigeria
83%
oman
83%
Portugal
83%
senegal
83%
Tajikistan
83%
Bangladesh
75%
burkina faso
75%
dominica
75%
eritrea
75%
ghana
75%
Hungary
75%
india
75%
ireland
75%
kenya
75%
lebanon
75%
Lesotho
75%
madagascar
75%
Mauritania
75%
são tomé and príncipe
75%
seychelles
75%
South Africa
75%
South Sudan
75%
tanzania
75%
togo
75%
Turkmenistan
75%
uzbekistan
75%
belarus
67%
Burundi
67%
Central African republic
67%
Djibouti
67%
Equatorial Guinea
67%
Gabon
67%
Gambia
67%
iran
67%
Ivory Coast
67%
Maldives
67%
Mauritius
67%
Mozambique
67%
Myanmar
67%
rwanda
67%
Saint Kitts and nevis
67%
suriname
67%
vanuatu
67%
Zambia
67%
Zambia
67%
Zimbabwe
67%
Comoros
58%
grenada
58%
guyana
58%
Lithuania
58%
Malawi
58%
Sierra Leone
58%
Azerbaijan
50%
bulgaria
50%
jamaica
50%
Sri Lanka
50%
Bolivia
42%
palestine
17%
Saint Vincent and Grenadines
8%
soloman islands
0%

Score Distribution

Percentile by Number Answered

Percent of People with Each Score

Your Score History

You have not taken this quiz